[Event "Celerina op 11th"]
[Site "Celerina"]
[Date "2017.06.04"]
[Round "3"]
[White "Klainguti, Goeri"]
[Black "Arquint, Andri"]
[Result "0-1"]
[WhiteElo "1511"]
[BlackElo "1962"]
[PlyCount "61"]
[EventDate "2017.06.03"]
[EventType "swiss"]
[EventRounds "5"]
[EventCountry "SUI"]
[SourceTitle "EXT 2018"]
[Source "ChessBase"]
[SourceDate "2017.10.13"]
[SourceVersion "1"]
[SourceVersionDate "2017.10.13"]
[SourceQuality "1"]

1. e4 c5 2. Nf3 a6 3. b4 cxb4 4. d4 d5 5. exd5 Nf6 6. c4 bxc3 7. Nxc3 Nxd5 8. Nxd5 Qxd5 9. Qc2 Be6 10. Bd3 Nc6 11. Be3 g6 12. Be4 Qc4 13. Qb1 0-0-0 14. Qd1 Bd5 15. Rc1 Qxa2 16. Bxd5 Qa5+ 17. Bd2 Qxd5 18. 0-0 Bg7 19. Rc5 Qd6 20. Bb4 Kb8 21. Qb3 Nxb4 22. Qxb4 Rc8 23. Rb1 Qd7 24. Ne5 Bxe5 25. Rxe5 Rc7 26. Ra5 Rhc8 27. h3 Rc1+ 28. Kh2 Rxb1 29. Qxb1 Qc7+ 30. Re5 Qd8 31. Qd1 0-1